书目信息 |
| 题名: |
计量经济学
|
|
| 作者: | Tinbergen 著 ;林聪标 译 | |
| 分册: | ||
| 出版信息: |
|
|
| 页数: | 246页 | |
| 开本: | 20cm | |
| 丛书名: | ||
| 单 册: | ||
| 中图分类: | F22 | |
| 科图分类: | ||
| 主题词: | 经济--计算 , 经济数学--方法 | |
| 电子资源: | ||
| ISBN: | ||
| 000 | 00531nam0 2200193 450 | |
| 001 | 0657617627 | |
| 005 | 20060429160550.10 | |
| 010 | @dCNY1.30 | |
| 100 | @a20060429d km y0chiy0120 ea | |
| 101 | 0 | @achi |
| 200 | 1 | @a计量经济学@Aji liang jing ji xue@fJ.Tinbergen著@FJ.Tinbergen zhu@g林聪标译@Glin cong biao yi |
| 215 | 1 | @a246页@d20cm |
| 606 | 0 | @a经济@x计算 |
| 606 | 0 | @a经济数学@x方法 |
| 690 | @aF22@v4 | |
| 701 | 0 | @aTinbergen@4著 |
| 702 | 0 | @a林聪标@Alin cong biao@4译 |
| 801 | 0 | @aCN@bPFT@c20060429 |
| 905 | @a10447@dF22@e12 | |
| 计量经济学/J.Tinbergen著/林聪标译 |
| 246页;20cm |
| ISBN :CNY1.30 |
| ● |
| 相关链接 |
|
|
|
|
正题名:计量经济学
索取号:F22/12
 
预约/预借
| 序号 | 登录号 | 条形码 | 馆藏地/架位号 | 状态 | 备注 |
| 1 | 0047342 | 202304728 | 密集书库/ [索取号:F22/12] | 在馆 | |
| 2 | 0047343 | 000204870 | 第一样本阅览室/ [索取号:F22/12] | 在馆 |